000 01271nac a22003131i 4500
003 EG-ScBUE
005 20241218093413.0
008 241218s2000 enkab f b 001 0 eng d
020 _a0521590027
020 _a9780521590020
035 _a(DLC) 99026728
040 _aEG-ScBUE
_beng
_erda
_cEG-ScBUE
_dEG-ScBUE
082 0 4 _a523.30223
_bWES
_222
100 1 _aWestfall, John Edward,
_eauthor.
245 1 0 _aAtlas of the lunar terminator /
_cJohn E. Westfall, San Francisco State University
264 1 _aCambridge, UK ;
_aNew York :
_bCambridge University Press,
_c2000.
300 _a1 atlas (vi, 292 pages) :
_billustrations, maps ;
_c29 cm
336 _2rdacontent
_atext
_btxt
337 _aunmediated
_2rdamedia
_bn
338 _avolume
_bnc
_2rdacarrier
504 _aIncludes bibliographical references and index.
650 7 _aLunar terminator
_vRemote-sensing images.
_2BUEsh
650 7 _aLunar terminator
_vRemote-sensing maps.
_2BUEsh
655 _vReading book
856 4 1 _3Sample text
_uhttp://www.loc.gov/catdir/samples/cam032/99026728.html
856 4 1 _3Publisher description
_uhttp://www.loc.gov/catdir/description/cam0210/99026728.html
856 4 1 _3Table of contents
_uhttp://www.loc.gov/catdir/toc/cam027/99026728.html
942 _cNB
_2ddc
999 _c5636
_d5636